Who's on the Phone? Quiz Stats

 Plays Quiz Updated Dec 14, 2012

Challenge
Share
Tweet
Score 0/32 Timer 06:00
2 Plays Today
Phone User % Correct
Barack Obama
97.5%
George W. Bush
95.5%
Pope Benedict XVI
94%
Santa Claus
92.5%
Hillary Clinton
90.4%
Bill Gates
89.7%
Donald Trump
89.6%
Nelson Mandela
89.3%
Steve Jobs
87.3%
Ronald Reagan
87%
Adolf Hitler
86%
Marilyn Monroe
85.2%
Abe Simpson
82%
Mitt Romney
80.1%
Fidel Castro
75.5%
E.T.
75%
Phone User % Correct
Mohandas Gandhi
74%
Bono
70.6%
Alexander Graham Bell
69.4%
Vladimir Putin
68.4%
Franklin D. Roosevelt
68.1%
Ringo Starr
45.7%
Maxwell Smart
45.6%
Lyndon B. Johnson
44.1%
Jimmy Stewart
43.6%
Hugo Chavez
39.3%
Humphrey Bogart
37.5%
Angela Merkel
36.5%
Mikhail Gorbachev
30.5%
Winston Churchill
26.7%
Leonid Brezhnev
13%
Nikita Khrushchev
9.4%

You're not logged in!

Compare scores with friends on all Sporcle quizzes.
OR
Log In

You Might Also Like...

Show Comments

Extras

Top Quizzes Today


Score Distribution

Your Account Isn't Verified!

In order to create a playlist on Sporcle, you need to verify the email address you used during registration. Go to your Sporcle Settings to finish the process.

Report this User

Report this user for behavior that violates our Community Guidelines.

Details: